Kraje które mają te symbole na swojej fladze - Statystyki

Ogólne statystyki
  • Ten quiz został rozwiązany 889 razy
  • Średni wynik to 8 z 24
Statystyki odpowiedzi
Hint Odpowiedź % Poprawnych
Liść Kanada
93%
Gwiazda Dawida Izrael
69%
dwa skrzyzowane piotrowe klucze Watykan
55%
Smok Bhutan
51%
Drzewo Liban
50%
Trójząb Barbados
46%
Karabin skrzyżowany z motyką Mozambik
43%
Duża żółta gwiazda Wietnam
43%
Symetryczny krzyż Szwajcaria
40%
Lew z mieczem Sri Lanka
37%
Pięc krzyzy Gruzja
32%
Ptak nad słoncem które znajduje się nadbiało niebieskim morzem Kiribati
32%
Kapelusz ludu Basotho Lesotho
31%
Jedno czerwone koło po lewej stronie Bangladesz
30%
Klasztor Kambodza
29%
"Allahu Akbar" Irak
26%
Powierzchnia ______ nad ktorą widniejesześć gwiazd Kosowo
22%
Maczeta, koło zębate oraz gwiazda Angola
21%
Trójkąt w kole Nikaragua
19%
trzy wieże San Marino
17%
Księżyc bez gwiazd Malediwy
13%
Czerwona gwiazda z ptakiem Zimbabwe
10%
Trzy gwiazdy w kole Burundi
7%
Maszt i cokół Brunei
6%
Nie znaleziono quizów pasujących do podanych kryteriów
Rozkład punktacji
Procent ludzi z każdym wynikiem
Percentyl według liczby udzielonych odpowiedzi
Twoja historia wyników
Nie rozwiązałeś tego quizu